Statistics for Europe Trivia

Click here to take the quiz!

General Stats

  • This quiz has been taken 32 times
  • The average score is 8 of 15

Answer Stats

HintAnswer% Correct
Biggest Country (Population)Russia
93%
Biggest Country (Land Area)Russia
93%
Biggest Oil Producer (country)Russia
93%
Smallest CountryVatican
86%
Biggest CityLondon
72%
Country with Densest PopulationMonaco
66%
Lowest CountryNetherlands
66%
Richest CountryLuxembourg
59%
Biggest Wheat Producer (Country)France
55%
Poorest CountryUkraine
55%
Number of Countries44
52%
Biggest AirportHeathrow
52%
Oldest CityPlovdiv
7%
Tallest BuildingLakhta Tower
0%
Biggest CathedralSan Petronio Basilica
0%

Score Distribution

Percentile by Number Answered

Percent of People with Each Score

Your Score History

You have not taken this quiz